00629nam a2200205Ia 4500008004100000020001500041020002200056041000800078082002000086100002200106245005300128250000800181260003400189300000800223365001300231650003600244942001200280999001900292952011200311140306s9999 xx 000 0 und d a8131514595 a978-81-315-1459-7 aeng a380.141bDAH/GR aDahlstrom, Robert aGreen Marketing Theory, Practice, and Strategies a1st aDelhibCengage Learningc2010 a285 bRs.250/- aThe Environment and Consumption 2ddccBK c188309d188309 00102ddc4070aKAUCBVbKAUCBVd2013-11-12g250.00l0o380.141 DAH/GRr2014-03-22 00:00:00w2014-03-22yBK